000 00594nam a2200193 a 4500
003 BD-DhJNU
005 20251028063602.0
008 251001s2013 ii a b 001 0 eng
020 _a8170331317
040 _aBD-DhJNU
_bENG
_cBD-DhJNU
_dBD-DhJNU
082 _a910.018 HAR
_223
100 _aHar, Prasad
245 _aResearch methods and techniques in geography /
_cHar Prasad
260 _aJaipur :
_bRawat Publications,
_c1992.
300 _a241 p. :
_bill. ;
_c25 cm.
504 _aIncludes bibliographical references and index.
650 _aGeography - Research Methods
942 _cBK
_2ddc
999 _c2318
_d2318